Catálogo - Centro de Recursos para el Aprendizaje y la Investigación

Volver al Sitio - CRAI Biblioteca

Pueblo, sangre y canto / (Registro nro. 113493)

Detalles MARC
000 -CABECERA
campo de control de longitud fija 01300nam a2200301 4500
001 - NÚMERO DE CONTROL
campo de control 113493
003 - IDENTIFICADOR DEL NÚMERO DE CONTROL
campo de control DR-UNIBE
005 - FECHA Y HORA DE LA ÚLTIMA TRANSACCIÓN
campo de control 20260318095916.0
008 - DATOS DE LONGITUD FIJA--INFORMACIÓN GENERAL
campo de control de longitud fija 250428b2024 dr ||||| |||| 00| 0 spa d
020 ## - NÚMERO INTERNACIONAL ESTÁNDAR DEL LIBRO
Número Internacional Estándar del Libro 9789945251241
040 ## - FUENTE DE LA CATALOGACIÓN
Centro catalogador/agencia de origen BIBLIOTECA UNIBE
Centro/agencia transcriptor BIBLIOTECA UNIBE
Lengua de catalogación spa
Normas de descripción rda
041 ## - CÓDIGO DE LENGUA
Código de lengua del texto/banda sonora o título independiente spa
082 ## - NÚMERO DE LA CLASIFICACIÓN DECIMAL DEWEY
Número de clasificación RD 861.5 F673p 2024
110 10 - ENTRADA PRINCIPAL--NOMBRE DE ENTIDAD CORPORATIVA
Nombre de entidad corporativa o nombre de jurisdicción como elemento de entrada Frente Cultural
9 (RLIN) 194599
Término indicativo de función/relación autor
245 10 - MENCIÓN DE TÍTULO
Título Pueblo, sangre y canto /
Mención de responsabilidad, etc. Frente Cultural ; cuidado de la edición y corrección: Área de Publicaciones ; diagramación y diseño de portada: Yahaira Fernández Vásquez
250 ## - MENCIÓN DE EDICIÓN
Mención de edición Edición facsimilar
260 ## - PUBLICACIÓN, DISTRIBUCIÓN, ETC.
Lugar de publicación, distribución, etc. Santo Domingo :
Nombre del editor, distribuidor, etc. Archivo General de la Nación (AGN)
Fecha de publicación, distribución, etc. 2024
300 ## - DESCRIPCIÓN FÍSICA
Extensión viii, 31 páginas :
Dimensiones 22 x 15 cm
490 ## - MENCIÓN DE SERIE
Mención de serie Archivo General de la Nación :
Designación de volumen o secuencia 522
500 ## - NOTA GENERAL
Nota general Cubierta: Reproducción facsimilar de la cubierta original
505 ## - NOTA DE CONTENIDO CON FORMATO
Nota de contenido con formato Proemio
650 #7 - PUNTO DE ACCESO ADICIONAL DE MATERIA--TÉRMINO DE MATERIA
Término de materia o nombre geográfico como elemento de entrada Poesía dominicana
Fuente del encabezamiento o término lemb
9 (RLIN) 203415
650 #7 - PUNTO DE ACCESO ADICIONAL DE MATERIA--TÉRMINO DE MATERIA
Término de materia o nombre geográfico como elemento de entrada Literatura dominicana
Fuente del encabezamiento o término lemb
9 (RLIN) 194602
651 #7 - PUNTO DE ACCESO ADICIONAL DE MATERIA--NOMBRE GEOGRÁFICO
Fuente del encabezamiento o término lemb
Nombre geográfico República Dominicana
Subdivisión general Historia
Subdivisión cronológica Revolución de abril 1965
9 (RLIN) 194601
700 1o - PUNTO DE ACCESO ADICIONAL--NOMBRE DE PERSONA
Nombre de persona Fernández Vásquez, Yahaira
9 (RLIN) 155947
Término indicativo de función/relación diagramador
-- diseñador de portada
710 10 - PUNTO DE ACCESO ADICIONAL--NOMBRE DE ENTIDAD CORPORATIVA
Nombre de entidad corporativa o nombre de jurisdicción como elemento de entrada Archivo General de la Nación (AGN)
Unidad subordinada Área de publicaciones
9 (RLIN) 194325
Término indicativo de función/relación cuidado de la edición
-- cotrrector
942 ## - ELEMENTOS DE PUNTO DE ACCESO ADICIONAL (KOHA)
Fuente del sistema de clasificación o colocación Sistema de Clasificación Decimal Dewey
Tipo de ítem Koha Libro (general)
Existencias
Estado de retiro Estado de pérdida Fuente del sistema de clasificación o colocación No para préstamo Localización permanente Fecha de adquisición Total de préstamos Signatura topográfica completa Código de barras Fecha visto por última vez Número de copia Precio válido a partir de Tipo de ítem Koha
  Disponible Sistema de Clasificación Decimal Dewey   Biblioteca Central UNIBE 04/03/2025   RD 861.5 F673p 2024 250454 28/04/2025 Ej. 1 28/04/2025 Libro (general)
  Disponible Sistema de Clasificación Decimal Dewey   Biblioteca Central UNIBE 04/03/2025   RD 861.5 F673p 2024 250455 28/04/2025 Ej. 2 28/04/2025 Libro (general)